Sociálno-ekonomický vývoj v Turecku v medzivojnovom období
Moderné Turecko vzniklo v medzivojnovom období po definitívnom zániku Osmanskej ríše. Nová politická elita bola nútená uskutočniť spoločenské, politické a ekonomické reformy a presvedčiť o ich význame obyvateľov rurálnej a agrárnej krajiny. Nová politická elita vytvárala štát založený na princípoch...
Gespeichert in:
| 1. Verfasser: | |
|---|---|
| Weitere Verfasser: | , |
| Format: | Buchkapitel |
| Sprache: | Slowakisch |
| Schlagworte: | |
| Tags: |
Keine Tags, Fügen Sie das erste Tag hinzu!
|
MARC
| LEADER | 00000naa$a2200000$$$4500 | ||
|---|---|---|---|
| 001 | 0281442 | ||
| 005 | 20240502074400.7 | ||
| 041 | 0 | |a slo | |
| 044 | |a SK | ||
| 245 | 1 | 0 | |a Sociálno-ekonomický vývoj v Turecku v medzivojnovom období |c Rudolf Kucharčík, Katarína Brocková, Tetyana Zubro |
| 520 | |a Moderné Turecko vzniklo v medzivojnovom období po definitívnom zániku Osmanskej ríše. Nová politická elita bola nútená uskutočniť spoločenské, politické a ekonomické reformy a presvedčiť o ich význame obyvateľov rurálnej a agrárnej krajiny. Nová politická elita vytvárala štát založený na princípoch republikanizmu a sekularizmu. | ||
| 610 | 2 | 0 | |a Turecko |
| 610 | 2 | 0 | |a republikanizmus |
| 610 | 2 | 0 | |a rozvoj hospodársky |
| 610 | 2 | 0 | |a rozvoj sociálny |
| 100 | 1 | |a Kucharčík, Rudolf, 1977- | |
| 700 | 1 | |a Brocková, Katarína, 1976- | |
| 700 | 1 | |a Zubro, Tetyana, 1975- | |